[Event "Bodensee op"]
[Site "Bregenz"]
[Date "2019.05.25"]
[Round "1"]
[White "Milov, Leonid"]
[Black "Moser, Guido"]
[Result "1-0"]
[WhiteElo "2475"]
[BlackElo "1853"]
[PlyCount "57"]
[EventDate "2019.05.25"]
[EventType "swiss"]
[EventRounds "9"]
[EventCountry "AUT"]
[SourceTitle "CBM 190 Extra"]
[Source "ChessBase"]
[SourceDate "2019.07.15"]
[SourceVersion "1"]
[SourceVersionDate "2019.07.15"]
[SourceQuality "1"]

1. e4 c5 2. Nf3 Nc6 3. d4 cxd4 4. Nxd4 g6 5. c4 Bg7 6. Be3 Nf6 7. Nc3 d6 8. Be2 0-0 9. 0-0 Bd7 10. f3 a6 11. Qd2 Rc8 12. Rfd1 Nxd4 13. Bxd4 Be6 14. b3 Re8 15. Na4 Rc6 16. Rac1 Nd7 17. Bxg7 Kxg7 18. f4 Qc7 19. f5 gxf5 20. Qg5+ Kh8 21. exf5 Qa5 22. c5 Bxb3 23. axb3 Nxc5 24. f6 exf6 25. Qxf6+ Kg8 26. Bh5 Qc7 27. Rf1 Re7 28. Rc4 Ne4 29. Rxe4 1-0

[Event "SUI-chT"]
[Site "Switzerland"]
[Date "2014.06.29"]
[Round "5.8"]
[White "Moser, Guido"]
[Black "Duport, Nicolas"]
[Result "0-1"]
[WhiteElo "1953"]
[BlackElo "2195"]
[PlyCount "110"]
[EventDate "2014.03.16"]
[EventType "team-tourn"]
[EventRounds "9"]
[EventCountry "SUI"]
[SourceTitle "EXT 2015"]
[Source "ChessBase"]
[SourceDate "2014.11.20"]
[SourceVersion "1"]
[SourceVersionDate "2014.11.20"]
[SourceQuality "1"]
[WhiteTeam "Trubschachen"]
[BlackTeam "Geneve"]
[WhiteTeamCountry "SUI"]
[BlackTeamCountry "SUI"]

1. e4 c5 2. Nf3 e6 3. d4 cxd4 4. Nxd4 Nc6 5. Nxc6 bxc6 6. Bd3 Nf6 7. 0-0 d5 8. exd5 cxd5 9. Bg5 Be7 10. Nd2 0-0 11. Nf3 Qb6 12. Rb1 a5 13. c3 Ba6 14. Be3 Bc5 15. Bd4 Bxd4 16. Nxd4 Rfc8 17. Bxa6 Qxa6 18. Re1 a4 19. Nc2 Ne4 20. Qe2 Rcb8 21. Qxa6 Rxa6 22. Nb4 Rab6 23. a3 Nd2 24. Rbd1 Nc4 25. Re2 g5 26. g3 Kg7 27. Rd4 h5 28. f4 g4 29. h4 Nd6 30. Kg2 Nf5 31. Rdd2 f6 32. Kf2 Rc8 33. Re1 Kf7 34. Red1 Rc4 35. Rd3 Rb5 36. R1d2 Ke7 37. Rd1 Kd6 38. R1d2 Ke7 39. Rd1 Nd6 40. Rd4 Rxd4 41. cxd4 Nf5 42. Rd2 Rb7 43. Rd3 Rc7 44. Rc3 Rxc3 45. bxc3 Nd6 46. Nd3 Ne4+ 47. Ke3 Nxg3 48. Nc5 Nf5+ 49. Kf2 Nxh4 50. Nxa4 Ng6 51. Nc5 Nxf4 52. a4 h4 53. a5 g3+ 54. Kf1 g2+ 55. Kg1 h3 0-1

[Event "Basel Hilton op 15th"]
[Site "Basel"]
[Date "2013.01.05"]
[Round "7"]
[White "Moser, Guido"]
[Black "Prill, Gerhard"]
[Result "0-1"]
[WhiteElo "2006"]
[BlackElo "2056"]
[PlyCount "48"]
[EventDate "2013.01.01"]
[EventType "swiss"]
[EventRounds "7"]
[EventCountry "SUI"]
[SourceTitle "CBM 152 Extra"]
[Source "ChessBase"]
[SourceDate "2013.02.25"]
[SourceVersion "1"]
[SourceVersionDate "2013.02.25"]
[SourceQuality "1"]

1. d4 Nf6 2. Nf3 e6 3. e3 d5 4. Bd3 Bd6 5. Nbd2 c5 6. c3 Nc6 7. 0-0 Qc7 8. dxc5 Bxc5 9. e4 Be7 10. Re1 h6 11. e5 Ng4 12. Qe2 Bc5 13. Nd4 Qxe5 14. Qxe5 Ngxe5 15. Bb5 Bd7 16. Nxc6 Nxc6 17. Nf3 Nb8 18. Bd3 Nc6 19. Bb5 Bd6 20. Be3 a6 21. Bxc6 bxc6 22. c4 Rb8 23. cxd5 cxd5 24. Bd4 f6 0-1

[Event "Basel Hilton op 14th"]
[Site "Basel"]
[Date "2012.01.04"]
[Round "5"]
[White "Ditzler, Juerg"]
[Black "Moser, Guido"]
[Result "1/2-1/2"]
[WhiteElo "2061"]
[BlackElo "1994"]
[PlyCount "32"]
[EventDate "2012.01.01"]
[EventType "swiss"]
[EventRounds "7"]
[EventCountry "SUI"]
[SourceTitle "CBM 146 Extra"]
[Source "ChessBase"]
[SourceDate "2012.02.29"]
[SourceVersion "1"]
[SourceVersionDate "2012.02.29"]
[SourceQuality "1"]

1. Nf3 Nf6 2. d4 d5 3. c4 c6 4. Nc3 e6 5. e3 a6 6. Bd3 dxc4 7. Bxc4 b5 8. Be2 c5 9. 0-0 Bb7 10. a4 b4 11. Nb1 Be7 12. Nbd2 0-0 13. Nb3 Nbd7 14. a5 Rc8 15. dxc5 Nxc5 16. Nbd4 Qd5 1/2-1/2

[Event "Basel Hilton op 14th"]
[Site "Basel"]
[Date "2012.01.03"]
[Round "4"]
[White "Eidinger, Helmut"]
[Black "Moser, Guido"]
[Result "1-0"]
[WhiteElo "2104"]
[BlackElo "1994"]
[PlyCount "145"]
[EventDate "2012.01.01"]
[EventType "swiss"]
[EventRounds "7"]
[EventCountry "SUI"]
[SourceTitle "CBM 146 Extra"]
[Source "ChessBase"]
[SourceDate "2012.02.29"]
[SourceVersion "1"]
[SourceVersionDate "2012.02.29"]
[SourceQuality "1"]

1. e4 c5 2. Nf3 Nc6 3. d4 cxd4 4. Nxd4 g6 5. Nc3 Bg7 6. Be3 Nf6 7. Bc4 Qa5 8. 0-0 0-0 9. Bb3 d6 10. h3 Bd7 11. Qd2 Qh5 12. Rad1 Rfe8 13. f4 Na5 14. Rf3 Nxb3 15. axb3 Qa5 16. Rdf1 Rf8 17. Re1 a6 18. Nd5 Qd8 19. Bf2 e6 20. Nc3 e5 21. Nde2 Bc6 22. Ng3 Qc7 23. Rd3 Rfd8 24. Rd1 exf4 25. Qxf4 Ne8 26. Qd2 Qa5 27. Nge2 Rac8 28. Nd4 Qh5 29. Nxc6 bxc6 30. Bd4 Bxd4+ 31. Rxd4 Qe5 32. Kh1 Rd7 33. Ra4 a5 34. Rda1 Ra8 35. b4 Rda7 36. Qd3 Kg7 37. b5 cxb5 38. Qxb5 Qc5 39. Qxc5 dxc5 40. Nd5 Nd6 41. b3 Nb7 42. Kg1 Rd8 43. g4 Ra6 44. g5 h6 45. gxh6+ Kxh6 46. Kf2 Re6 47. Kf3 Kg7 48. Ne3 Rd4 49. Rxd4 cxd4 50. Nc4 d3 51. cxd3 Nc5 52. Ke3 Nxb3 53. Ra3 a4 54. Rxa4 Nc5 55. Ra7 Ra6 56. Rxa6 Nxa6 57. d4 Kf6 58. d5 Nc7 59. Kd4 Na6 60. e5+ Ke7 61. Nb6 Nb8 62. Kc5 f5 63. h4 Na6+ 64. Kd4 Nb8 65. Ke3 Na6 66. Kd4 Nb8 67. Na4 Na6 68. Nc5 Nb4 69. d6+ Kd8 70. e6 Nc6+ 71. Kd5 Nb4+ 72. Ke5 Nc6+ 73. Kf6 1-0

[Event "Basel Hilton op 13th"]
[Site "Basel"]
[Date "2011.01.01"]
[Round "1"]
[White "Moser, Guido"]
[Black "Pelletier, Yannick"]
[Result "0-1"]
[WhiteElo "2007"]
[BlackElo "2586"]
[PlyCount "60"]
[EventDate "2011.01.01"]
[EventType "swiss"]
[EventRounds "7"]
[EventCountry "SUI"]
[SourceTitle "EXT 2012"]
[Source "ChessBase"]
[SourceDate "2011.11.24"]
[SourceVersion "1"]
[SourceVersionDate "2011.11.24"]
[SourceQuality "1"]

1. d4 Nf6 2. Nf3 e6 3. e3 b6 4. Bd3 Bb7 5. Nbd2 c5 6. c3 Nc6 7. 0-0 Qc7 8. a3 d5 9. Qe2 Be7 10. Ne5 Nxe5 11. dxe5 Qxe5 12. Bb5+ Nd7 13. Bxd7+ Kxd7 14. f4 Qc7 15. e4 Rad8 16. exd5 Bxd5 17. f5 exf5 18. Nc4 Kc8 19. Bf4 Qb7 20. Rad1 Rhe8 21. Ne3 Be6 22. Be5 g6 23. Nc4 Qe4 24. Qxe4 fxe4 25. Nd6+ Bxd6 26. Rxd6 Rxd6 27. Bxd6 Rd8 28. Bf4 a5 29. Re1 f5 30. Re3 a4 0-1